| 000 | 00412nam a2200157Ia 4500 | ||
|---|---|---|---|
| 003 | 0STCL | ||
| 008 | 150530s9999 xx 000 0 und d | ||
| 040 |
_aSTCL _cSTCL |
||
| 100 | _aPanjab University | ||
| 245 | _aSupplement to text bok on mathematics for pre engg.T.D.C.I&II classes | ||
| 260 |
_bPanjab University _c1972 |
||
| 546 | _aEnglish | ||
| 942 |
_2ddc _cBK |
||
| 999 |
_c24978 _d24978 |
||
| 005 | 20220125170025.0 | ||